000 00936nam a2200229 4500
005 20190510110557.0
008 041208s2003 -hk chi
020 _a9624572453 :
_cHK68/57.80
020 _a9789624572452
090 _aBS2617.5
_bC42e
100 1 _a張達民 Cheung, Alex T. M.
245 1 0 _a使徒行傳與保羅書信要領 Shi tu xing zhuan yu Baoluo shu xin yao ling = Essentials of the Bible : Acts and Paul's epistles {ch} /
_c張達民, 黃錫木著; Alex T. M. Cheung, Simon S. M. Wong.
260 _aHong Kong :
_bLogos Publishers,
_cc2003.
300 _axviii, 213 p. :
_billus.
_c23 cm.
490 _a聖經通識叢書 Sheng jing tong shi cong shu.
630 0 4 _aBible. N.T. Acts
_xCriticism, interpretation, etc. {ch}.
630 0 4 _aBible. N.T. Espistles of Paul
_xCriticism, interpretation, etc. {ch}.
951 _x00030172
700 1 _aWong, Simon S. M.
942 _2lcc
_cBK
_07
999 _c22094
_d22094